USA by colours - Statistics

General Stats
  • This quiz has been taken 66 times
  • The average score is 8 of 20
Answer Stats
Hint Answer % Correct
Where the president lives The Whitehouse
100%
The first national park Yellowstone
88%
Boston baseball team Red Sox
82%
Capital of Louisiana Baton Rouge
74%
California state nickname Golden State
56%
Location of the city of Anaheim Orange County
56%
Nevada state nickname Silver State
53%
Kentucky state nickname Bluegrass State
51%
Georgia state nickname Peach State
51%
Vermont state nickname Green Mountain State
35%
Nickname of an area of the north central US where the steel industry has faced decline Rust Belt
28%
The fifth longest-serving justice in Supreme Court history Hugo Black
26%
Metaphor for grain fields in 'America the Beautiful' Amber Waves
25%
Providence's largest employer Brown University
19%
Chicago's #1 tourist attraction Navy Pier
11%
Co-founder of Western Electric Elisha Gray
9%
First US woman to be an Attorney General Arlene Violet
7%
Town in Pottawatomie County, Oklahoma Pink
4%
National Scenic Byway of the New Mexico State Road 14 Turquoise Trail
2%
Location of the only nuclear weapon test detonations performed in eastern USA Salmon Site
0%
No matching quizzes found
Score Distribution
Percent of People with Each Score
Percentile by Number Answered
Your Score History
You have not taken this quiz